zpět

Detail výsledku týmu

Adélka, Pustiměř

Datum a čas kvízu

35 Celkem bodů Celkový počet nahraných bodů na tomto kvízu bez doplňovacích otázek.
3. Pořadí na kvízu Konečné umístění týmu na tomto kvízu.

Zaznamenané odpovědi

# Otázka Odpověď Body Výsledky
1. Tzv. Turistická sjezdovka na K... splašky 1
2. V pondělí jsme se dozvěděli o... Starbucks 1
3. Minulý týden byl představen tr... Jiří Mádl; Tomáš Vorel (ml.) 1
4. Česká společnost Snuggs se sta... menstruační kalhotky 1
5. Uveďte název zimního střediska... Svatý Mořic/St. Moritz; paralelní obří slalom 1
6. Podíváme se na temné stránky d... A) Diviš Bořek z Miletínka 1
7. Doba pobělohorská znamenala zá... Obnovené zřízení zemské 0
8. První světová válka znamenala... Osmanská říše 0
9. V období tzv. Protektorátu se... Josef Balabán, Josef Mašín, Václav Morávek 0
10. Jedním z nejkontroverznějších... v roce 1953, Antonín Zápotocký 1